| 000 | 00739nam a22002177a 4500 | ||
|---|---|---|---|
| 005 | 20240530110614.0 | ||
| 008 | 161026s2014 ua g b 000 0dara d | ||
| 017 |
_a2014/4130 _bمصر. دار الكتب |
||
| 020 | _a9772329649 | ||
| 040 |
_aEG-CaGPL _cEG-CaGPL |
||
| 082 |
_221 _a413.028\ _bم م |
||
| 100 | 0 | _aمصطفى يوسف عبدالحى | |
| 245 | 1 | 2 |
_aالمواد و المداخل فى المعجم اللغوى التاريخى / _cمصطفى يوسف عبدالحى |
| 250 | _aط. 1 | ||
| 260 |
_bعالم الكتب ، _c2015 . |
||
| 300 |
_a311 ص. ؛ _c24 سم. |
||
| 650 | 0 | 7 |
_2qrmak _aاللغة العربية _vمعاجم |
| 651 | _2qrmak | ||
| 942 |
_2ddc _cBK |
||
| 999 |
_c62920 _d62920 |
||